[Event "9th Vellmar Chess Days"]
[Site "chess24.com"]
[Date "2017.07.15"]
[Round "5"]
[White "Toepfer, Albrecht"]
[Black "Helmer, Jan"]
[Result "1-0"]
[Board "22"]
[WhiteElo "2060"]
[WhiteCountry "GER"]
[WhiteFideId "12924067"]
[WhiteEloChange "5"]
[BlackElo "1889"]
[BlackCountry "GER"]
[BlackFideId "12956686"]
[BlackEloChange "-5"]

1. Nf3 {[%clk 1:30:54]} d5 {[%clk 1:30:45]} 2. c4 {[%clk 1:31:01]} c6 {[%clk
1:30:55]} 3. g3 {[%clk 1:30:40]} Nf6 {[%clk 1:30:58]} 4. b3 {[%clk 1:30:43]} Bf5
{[%clk 1:30:49]} 5. Bg2 {[%clk 1:30:44]} e6 {[%clk 1:31:12]} 6. O-O {[%clk
1:30:15]} Be7 {[%clk 1:31:27]} 7. Bb2 {[%clk 1:29:00]} O-O {[%clk 1:30:41]} 8. d3
{[%clk 1:28:33]} Nbd7 {[%clk 1:30:34]} 9. Nbd2 {[%clk 1:28:35]} Qc7 {[%clk
1:29:34]} 10. Rc1 {[%clk 1:26:22]} Rac8 {[%clk 1:28:42]} 11. h3 {[%clk 1:22:47]}
h5 {[%clk 1:28:28]} 12. Rc2 {[%clk 1:21:51]} Qb8 {[%clk 1:27:09]} 13. Qa1 {[%clk
1:21:45]} Ne8 {[%clk 1:05:46]} 14. Rfc1 {[%clk 1:17:39]} Bf6 {[%clk 0:52:01]} 15.
b4 {[%clk 1:16:57]} Bxb2 {[%clk 0:51:44]} 16. Qxb2 {[%clk 1:17:17]} Nef6 {[%clk
0:51:31]} 17. cxd5 {[%clk 1:11:40]} cxd5 {[%clk 0:50:34]} 18. Nb3 {[%clk
1:10:43]} Nb6 {[%clk 0:40:41]} 19. Nc5 {[%clk 1:04:13]} Nfd7 {[%clk 0:38:51]} 20.
Nxd7 {[%clk 1:03:59]} Nxd7 {[%clk 0:38:30]} 21. a4 {[%clk 1:04:13]} Rxc2 {[%clk
0:28:45]} 22. Qxc2 {[%clk 1:01:30]} Nb6 {[%clk 0:28:29]} 23. a5 {[%clk 1:00:53]}
Rc8 {[%clk 0:28:26]} 24. Qd2 {[%clk 1:00:36]} Rxc1+ {[%clk 0:26:31]} 25. Qxc1
{[%clk 1:01:02]} Nd7 {[%clk 0:25:55]} 26. Nh4 {[%clk 0:51:15]} Bh7 {[%clk
0:20:55]} 27. Bf3 {[%clk 0:50:24]} Nf6 {[%clk 0:16:35]} 28. Ng2 {[%clk 0:47:26]}
e5 {[%clk 0:12:22]} 29. Ne3 {[%clk 0:46:26]} d4 {[%clk 0:06:48]} 30. Nd5 {[%clk
0:45:23]} Nxd5 {[%clk 0:05:58]} 31. Bxd5 {[%clk 0:45:41]} Bg6 {[%clk 0:05:35]}
32. h4 {[%clk 0:45:25]} Kh7 {[%clk 0:02:41]} 33. Qc4 {[%clk 0:42:29]} f6 {[%clk
0:03:03]} 34. Bf3 {[%clk 0:34:21]} b6 {[%clk 0:02:30]} 35. a6 {[%clk 0:33:19]}
Be8 {[%clk 0:00:37]} 36. Qd5 {[%clk 0:32:24]} Qc8 {[%clk 0:00:33]} 37. Qb7 {[%clk
0:32:40]} Qd7 {[%clk 0:01:02]} 38. Bxh5 {[%clk 0:31:12]} g6 {[%clk 0:00:57]} 39.
Bf3 {[%clk 0:31:27]} Kh6 {[%clk 0:00:39]} 40. b5 {[%clk 0:29:53]} Qf7 {[%clk
0:00:32]} 41. Bd5 {[%clk 0:27:51]} Qd7 {[%clk 0:09:15]} 42. Bc6 {[%clk 0:58:46]}
Qg4 {[%clk 0:08:38]} 43. Bxe8 {[%clk 0:58:35]} Qxe2 {[%clk 0:08:38]} 44. Qe4
{[%clk 0:58:11]} Qxe4 {[%clk 0:08:23]} 45. dxe4 {[%clk 0:58:06]} g5 {[%clk
0:06:43]} 46. hxg5+ {[%clk 0:56:15]} fxg5 {[%clk 0:05:13]} 47. Kf1 {[%clk
0:55:34]} Kg7 {[%clk 0:05:27]} 48. Ke2 {[%clk 0:55:34]} Kf8 {[%clk 0:05:49]} 49.
Bh5 {[%clk 0:55:34]} Ke7 {[%clk 0:05:49]} 50. Kd3 {[%clk 0:55:59]} Kd6 {[%clk
0:06:14]} 51. Kc4 {[%clk 0:56:22]} Ke6 {[%clk 0:06:15]} 52. Be2 {[%clk 0:55:21]}
Kd6 {[%clk 0:04:48]} 53. Bg4 {[%clk 0:55:21]} 1-0

[Event "9th Vellmar Chess Days"]
[Site "chess24.com"]
[Date "2017.07.15"]
[Round "5"]
[White "Eggenstein, Frank"]
[Black "Ziegenfuss, Antonia"]
[Result "1/2-1/2"]
[Board "23"]
[WhiteElo "2047"]
[WhiteCountry "GER"]
[WhiteFideId "4651278"]
[WhiteEloChange "-4"]
[BlackElo "1879"]
[BlackCountry "GER"]
[BlackFideId "12962554"]
[BlackEloChange "4"]

1. e4 {[%clk 1:30:57]} c5 {[%clk 1:30:53]} 2. Nf3 {[%clk 1:31:20]} e6 {[%clk
1:31:05]} 3. b3 {[%clk 1:31:36]} Nf6 {[%clk 1:30:03]} 4. e5 {[%clk 1:26:05]} Nd5
{[%clk 1:28:48]} 5. c4 {[%clk 1:21:57]} Nc7 {[%clk 1:27:49]} 6. Bb2 {[%clk
1:19:54]} Nc6 {[%clk 1:27:18]} 7. Nc3 {[%clk 1:17:14]} Be7 {[%clk 1:25:09]} 8.
Ne4 {[%clk 1:16:59]} O-O {[%clk 1:19:58]} 9. Bd3 {[%clk 1:10:49]} d5 {[%clk
0:56:52]} 10. exd6 {[%clk 1:03:41]} Bxd6 {[%clk 0:57:05]} 11. Nxd6 {[%clk
1:01:34]} Qxd6 {[%clk 0:57:27]} 12. Bb1 {[%clk 0:54:39]} e5 {[%clk 0:48:05]} 13.
Qc2 {[%clk 0:54:20]} f5 {[%clk 0:47:46]} 14. O-O {[%clk 0:49:20]} Ne6 {[%clk
0:44:48]} 15. Qc3 {[%clk 0:37:23]} Ncd4 {[%clk 0:36:04]} 16. Re1 {[%clk 0:35:59]}
Nxf3+ {[%clk 0:34:21]} 17. Qxf3 {[%clk 0:36:24]} Nd4 {[%clk 0:32:57]} 18. Qd5+
{[%clk 0:29:52]} Qxd5 {[%clk 0:33:20]} 19. cxd5 {[%clk 0:30:18]} Re8 {[%clk
0:24:11]} 20. b4 {[%clk 0:27:38]} b6 {[%clk 0:21:06]} 21. bxc5 {[%clk 0:25:53]}
bxc5 {[%clk 0:21:29]} 22. Ba3 {[%clk 0:25:10]} c4 {[%clk 0:20:36]} 23. Bd6 {[%clk
0:21:38]} e4 {[%clk 0:18:03]} 24. Bc5 {[%clk 0:18:34]} Nb5 {[%clk 0:17:52]} 25.
f3 {[%clk 0:18:04]} Bb7 {[%clk 0:15:59]} 26. a4 {[%clk 0:14:34]} 1/2-1/2

[Event "9th Vellmar Chess Days"]
[Site "chess24.com"]
[Date "2017.07.15"]
[Round "5"]
[White "Henkemeier, Michael"]
[Black "Werner, Martin"]
[Result "0-1"]
[Board "25"]
[WhiteElo "1879"]
[WhiteCountry "GER"]
[WhiteFideId "24611379"]
[WhiteEloChange "-6"]
[BlackElo "2036"]
[BlackCountry "GER"]
[BlackFideId "4607970"]
[BlackEloChange "6"]

1. d4 {[%clk 1:30:59]} d5 {[%clk 1:29:51]} 2. Nf3 {[%clk 1:31:21]} c5 {[%clk
1:30:12]} 3. dxc5 {[%clk 1:27:03]} Nf6 {[%clk 1:30:24]} 4. g3 {[%clk 1:27:11]}
Nc6 {[%clk 1:28:47]} 5. c3 {[%clk 1:25:41]} a5 {[%clk 1:23:07]} 6. Bg2 {[%clk
1:24:12]} e5 {[%clk 1:21:57]} 7. Be3 {[%clk 1:23:03]} Ne4 {[%clk 1:11:44]} 8. O-O
{[%clk 1:20:13]} Bxc5 {[%clk 1:07:00]} 9. Bxc5 {[%clk 1:19:27]} Nxc5 {[%clk
1:06:46]} 10. c4 {[%clk 1:10:03]} d4 {[%clk 0:58:15]} 11. Nfd2 {[%clk 1:05:21]}
f5 {[%clk 0:52:51]} 12. Nb3 {[%clk 1:02:52]} Qe7 {[%clk 0:45:32]} 13. Nxc5 {[%clk
0:58:04]} Qxc5 {[%clk 0:45:53]} 14. Nd2 {[%clk 0:53:01]} Be6 {[%clk 0:41:31]} 15.
Qb3 {[%clk 0:50:48]} e4 {[%clk 0:31:19]} 16. Qxb7 {[%clk 0:43:22]} O-O {[%clk
0:23:57]} 17. Qb5 {[%clk 0:35:48]} Qd6 {[%clk 0:23:08]} 18. Nxe4 {[%clk 0:30:42]}
fxe4 {[%clk 0:19:19]} 19. Bxe4 {[%clk 0:30:08]} Rac8 {[%clk 0:16:29]} 20. c5
{[%clk 0:26:07]} Qd7 {[%clk 0:14:38]} 21. Rac1 {[%clk 0:24:25]} Bd5 {[%clk
0:12:32]} 22. Qd3 {[%clk 0:22:25]} Bxe4 {[%clk 0:07:53]} 23. Qxe4 {[%clk
0:22:01]} Rce8 {[%clk 0:08:20]} 24. Qd3 {[%clk 0:22:07]} Qd5 {[%clk 0:08:03]} 25.
e3 {[%clk 0:09:16]} Ne5 {[%clk 0:08:07]} 26. e4 {[%clk 0:06:27]} Nxd3 {[%clk
0:05:57]} 27. exd5 {[%clk 0:06:52]} Nxc1 {[%clk 0:06:09]} 28. Rxc1 {[%clk
0:07:17]} Kf7 {[%clk 0:04:11]} 29. Rd1 {[%clk 0:06:00]} Re5 {[%clk 0:03:01]} 30.
Rxd4 {[%clk 0:06:03]} Rd8 {[%clk 0:03:31]} 31. Ra4 {[%clk 0:05:50]} Rdxd5 {[%clk
0:03:36]} 32. Rxa5 {[%clk 0:05:49]} Rxc5 {[%clk 0:03:59]} 33. Ra7+ {[%clk
0:06:07]} Kf6 {[%clk 0:04:03]} 34. b4 {[%clk 0:05:08]} Rc1+ {[%clk 0:02:35]} 35.
Kg2 {[%clk 0:05:32]} Ra1 {[%clk 0:03:03]} 36. a3 {[%clk 0:02:50]} h6 {[%clk
0:03:02]} 37. Ra6+ {[%clk 0:02:43]} Kf7 {[%clk 0:02:51]} 38. Ra7+ {[%clk
0:02:58]} Kg8 {[%clk 0:02:58]} 39. Ra8+ {[%clk 0:01:29]} Kh7 {[%clk 0:03:27]} 40.
a4 {[%clk 0:01:16]} Re4 {[%clk 0:03:34]} 41. Rf8 {[%clk 0:00:53]} Rxb4 {[%clk
0:03:32]} 42. h4 {[%clk 0:30:53]} Raxa4 {[%clk 0:33:54]} 43. Rf7 {[%clk 0:31:08]}
Rb6 {[%clk 0:33:50]} 44. Kg1 {[%clk 0:31:05]} Rf6 {[%clk 0:33:54]} 0-1

[Event "9th Vellmar Chess Days"]
[Site "chess24.com"]
[Date "2017.07.15"]
[Round "5"]
[White "Siebarth, Marco"]
[Black "Reinecke, Katharina"]
[Result "1/2-1/2"]
[Board "26"]
[WhiteElo "2024"]
[WhiteCountry "GER"]
[WhiteFideId "24604330"]
[WhiteEloChange "-4"]
[BlackElo "1877"]
[BlackCountry "GER"]
[BlackFideId "12929727"]
[BlackEloChange "4"]

1. e4 {[%clk 1:27:28]} c6 {[%clk 1:30:58]} 2. Nc3 {[%clk 1:27:47]} d5 {[%clk
1:31:21]} 3. f4 {[%clk 1:28:02]} dxe4 {[%clk 1:31:41]} 4. Nxe4 {[%clk 1:28:28]}
Nf6 {[%clk 1:32:01]} 5. Nf2 {[%clk 1:28:40]} g6 {[%clk 1:31:48]} 6. Nf3 {[%clk
1:28:08]} Bg7 {[%clk 1:31:17]} 7. g3 {[%clk 1:28:12]} O-O {[%clk 1:30:53]} 8. Bg2
{[%clk 1:28:41]} c5 {[%clk 1:29:36]} 9. O-O {[%clk 1:28:21]} Nc6 {[%clk 1:28:43]}
10. Nd3 {[%clk 1:26:00]} Nd7 {[%clk 1:23:25]} 11. Rb1 {[%clk 1:23:58]} c4 {[%clk
0:59:23]} 12. Nf2 {[%clk 1:23:58]} Qa5 {[%clk 0:55:46]} 13. a3 {[%clk 1:23:39]}
Rd8 {[%clk 0:51:41]} 14. Qe2 {[%clk 1:22:56]} Nb6 {[%clk 0:48:53]} 15. d3 {[%clk
1:18:30]} Be6 {[%clk 0:45:26]} 16. Rd1 {[%clk 1:14:01]} Bd5 {[%clk 0:40:28]} 17.
Be3 {[%clk 1:06:17]} e6 {[%clk 0:36:44]} 18. Ne1 {[%clk 0:46:15]} Bxg2 {[%clk
0:35:18]} 19. Kxg2 {[%clk 0:45:20]} cxd3 {[%clk 0:33:58]} 20. Rxd3 {[%clk
0:41:09]} Nd5 {[%clk 0:33:13]} 21. c3 {[%clk 0:39:20]} Qc7 {[%clk 0:28:14]} 22.
Rbd1 {[%clk 0:39:06]} b6 {[%clk 0:26:17]} 23. Nc2 {[%clk 0:38:21]} Qb7 {[%clk
0:22:26]} 24. Qf3 {[%clk 0:38:21]} Rac8 {[%clk 0:20:27]} 25. Bc1 {[%clk 0:38:15]}
Qa8 {[%clk 0:16:48]} 26. Nb4 {[%clk 0:33:57]} Ncxb4 {[%clk 0:16:06]} 27. axb4
{[%clk 0:34:08]} Qb8 {[%clk 0:11:20]} 28. Be3 {[%clk 0:32:32]} Nxe3+ {[%clk
0:10:16]} 29. Qxe3 {[%clk 0:31:53]} a5 {[%clk 0:06:48]} 30. Rxd8+ {[%clk
0:27:29]} Rxd8 {[%clk 0:07:13]} 31. Rxd8+ {[%clk 0:27:57]} Qxd8 {[%clk 0:07:41]}
32. Nd3 {[%clk 0:28:15]} Bf8 {[%clk 0:04:31]} 33. bxa5 {[%clk 0:28:16]} bxa5
{[%clk 0:04:59]} 34. Kf3 {[%clk 0:27:23]} Qd5+ {[%clk 0:03:24]} 35. Qe4 {[%clk
0:27:36]} Qh5+ {[%clk 0:03:36]} 36. Kg2 {[%clk 0:27:37]} Qd1 {[%clk 0:03:40]} 37.
Kf2 {[%clk 0:27:22]} Qh5 {[%clk 0:03:25]} 38. h4 {[%clk 0:27:00]} Qb5 {[%clk
0:02:57]} 39. Ke2 {[%clk 0:26:51]} Qh5+ {[%clk 0:01:44]} 40. Qf3 {[%clk 0:27:19]}
Qb5 {[%clk 0:01:21]} 41. Qe4 {[%clk 0:24:43]} Qh5+ {[%clk 0:25:31]} 42. Kd2
{[%clk 0:55:32]} Qg4 {[%clk 0:24:50]} 43. Qe3 {[%clk 0:55:46]} Qf5 {[%clk
0:24:36]} 44. Nf2 {[%clk 0:54:59]} Qb5 {[%clk 0:24:22]} 45. Nd3 {[%clk 0:54:05]}
Qd5 {[%clk 0:23:28]} 46. Qe2 {[%clk 0:51:09]} Bg7 {[%clk 0:20:58]} 47. Kc2 {[%clk
0:50:54]} h5 {[%clk 0:18:44]} 48. Qe3 {[%clk 0:50:51]} 1/2-1/2

[Event "9th Vellmar Chess Days"]
[Site "chess24.com"]
[Date "2017.07.15"]
[Round "5"]
[White "Mann, Jonas"]
[Black "Wiewesiek, Timo"]
[Result "0-1"]
[Board "27"]
[WhiteElo "1899"]
[WhiteCountry "GER"]
[WhiteFideId "12900214"]
[WhiteEloChange "-7"]
[BlackElo "1993"]
[BlackCountry "GER"]
[BlackFideId "12920193"]
[BlackEloChange "7"]

1. c4 {[%clk 1:28:23]} c6 {[%clk 1:30:56]} 2. g3 {[%clk 1:28:32]} d5 {[%clk
1:31:15]} 3. Bg2 {[%clk 1:28:36]} Nf6 {[%clk 1:31:38]} 4. cxd5 {[%clk 1:28:32]}
cxd5 {[%clk 1:31:59]} 5. Nf3 {[%clk 1:28:53]} Nc6 {[%clk 1:32:01]} 6. O-O {[%clk
1:29:13]} e6 {[%clk 1:32:10]} 7. b3 {[%clk 1:29:09]} Be7 {[%clk 1:32:08]} 8. Bb2
{[%clk 1:29:28]} O-O {[%clk 1:32:24]} 9. d4 {[%clk 1:28:54]} b6 {[%clk 1:30:58]}
10. Nbd2 {[%clk 1:28:37]} Ba6 {[%clk 1:26:13]} 11. Ne5 {[%clk 1:26:46]} Rc8
{[%clk 1:22:11]} 12. Rc1 {[%clk 1:26:14]} Nxe5 {[%clk 1:13:56]} 13. dxe5 {[%clk
1:26:37]} Rxc1 {[%clk 1:13:17]} 14. Qxc1 {[%clk 1:26:58]} Nd7 {[%clk 1:13:00]}
15. Re1 {[%clk 1:27:08]} Qb8 {[%clk 1:11:35]} 16. Ba3 {[%clk 1:24:18]} Rc8 {[%clk
0:50:20]} 17. Qb2 {[%clk 1:24:13]} Bxa3 {[%clk 0:50:18]} 18. Qxa3 {[%clk
1:24:36]} Bb7 {[%clk 0:50:33]} 19. f4 {[%clk 1:24:12]} Qc7 {[%clk 0:44:15]} 20.
Nf3 {[%clk 1:22:34]} a5 {[%clk 0:30:57]} 21. Kf1 {[%clk 1:15:37]} Qc5 {[%clk
0:24:57]} 22. Qxc5 {[%clk 1:15:09]} bxc5 {[%clk 0:25:13]} 23. Nd2 {[%clk
1:14:00]} Ba6 {[%clk 0:24:24]} 24. Rc1 {[%clk 1:12:44]} Kf8 {[%clk 0:23:06]} 25.
Ke1 {[%clk 1:12:12]} Ke7 {[%clk 0:22:13]} 26. Nb1 {[%clk 1:01:36]} Nb6 {[%clk
0:18:01]} 27. Na3 {[%clk 1:01:02]} Kd7 {[%clk 0:17:29]} 28. Kd2 {[%clk 1:00:18]}
Rc7 {[%clk 0:15:18]} 29. e4 {[%clk 0:53:40]} d4 {[%clk 0:14:47]} 30. Bf1 {[%clk
0:54:02]} Bxf1 {[%clk 0:14:15]} 31. Rxf1 {[%clk 0:54:24]} Kc6 {[%clk 0:14:02]}
32. Rc1 {[%clk 0:53:43]} f6 {[%clk 0:09:34]} 33. Rf1 {[%clk 0:49:12]} Rf7 {[%clk
0:03:58]} 34. exf6 {[%clk 0:45:01]} gxf6 {[%clk 0:04:24]} 35. Kd3 {[%clk
0:44:37]} Rb7 {[%clk 0:03:45]} 36. Rc1 {[%clk 0:42:24]} Nd7 {[%clk 0:02:26]} 37.
Nc4 {[%clk 0:42:29]} Ra7 {[%clk 0:02:15]} 38. a4 {[%clk 0:41:42]} Nb6 {[%clk
0:01:37]} 39. Na3 {[%clk 0:41:38]} Rd7 {[%clk 0:01:06]} 40. Nb5 {[%clk 0:39:47]}
Nc8 {[%clk 0:00:38]} 41. e5 {[%clk 0:37:53]} fxe5 {[%clk 0:21:22]} 42. fxe5
{[%clk 1:08:42]} Kd5 {[%clk 0:20:43]} 43. Rf1 {[%clk 1:06:02]} Kxe5 {[%clk
0:20:01]} 44. Rf8 {[%clk 1:05:42]} Nd6 {[%clk 0:19:07]} 45. Nxd6 {[%clk 1:04:18]}
Rxd6 {[%clk 0:14:31]} 46. Ra8 {[%clk 1:04:10]} Rb6 {[%clk 0:13:53]} 47. Kc2
{[%clk 1:02:54]} Ke4 {[%clk 0:11:40]} 48. Rxa5 {[%clk 1:00:58]} d3+ {[%clk
0:11:44]} 49. Kc3 {[%clk 1:00:39]} Rd6 {[%clk 0:11:29]} 50. Kd2 {[%clk 1:00:47]}
Kd4 {[%clk 0:11:43]} 51. Ra7 {[%clk 1:00:24]} e5 {[%clk 0:10:55]} 52. Rxh7 {[%clk
0:59:20]} e4 {[%clk 0:08:12]} 53. Re7 {[%clk 0:56:30]} Rb6 {[%clk 0:06:17]} 54.
Rd7+ {[%clk 0:56:17]} Ke5 {[%clk 0:06:43]} 55. Kc3 {[%clk 0:56:30]} Rf6 {[%clk
0:05:49]} 56. Rd8 {[%clk 0:54:20]} Rf2 {[%clk 0:04:57]} 57. Re8+ {[%clk 0:54:41]}
Kd5 {[%clk 0:05:21]} 58. Rd8+ {[%clk 0:53:19]} Kc6 {[%clk 0:05:43]} 59. b4 {[%clk
0:52:59]} Rc2+ {[%clk 0:05:44]} 60. Kb3 {[%clk 0:53:18]} c4+ {[%clk 0:05:41]} 61.
Ka3 {[%clk 0:53:15]} e3 {[%clk 0:05:52]} 62. b5+ {[%clk 0:53:27]} Kc7 {[%clk
0:06:05]} 0-1

[Event "9th Vellmar Chess Days"]
[Site "chess24.com"]
[Date "2017.07.15"]
[Round "5"]
[White "Domroese, Michael"]
[Black "Loehnhardt, Benjamin"]
[Result "0-1"]
[Board "28"]
[WhiteElo "1842"]
[WhiteCountry "GER"]
[WhiteFideId "24696145"]
[WhiteEloChange "-6"]
[BlackElo "2009"]
[BlackCountry "GER"]
[BlackFideId "4646428"]
[BlackEloChange "6"]

1. e4 {[%clk 1:30:58]} c6 {[%clk 1:30:45]} 2. Nc3 {[%clk 1:31:23]} d5 {[%clk
1:30:51]} 3. Nf3 {[%clk 1:31:50]} Bg4 {[%clk 1:27:42]} 4. d4 {[%clk 1:29:36]}
dxe4 {[%clk 1:22:52]} 5. Nxe4 {[%clk 1:30:02]} Nd7 {[%clk 1:21:38]} 6. h3 {[%clk
1:27:50]} Bh5 {[%clk 1:21:48]} 7. Bc4 {[%clk 1:24:25]} Ngf6 {[%clk 1:20:30]} 8.
Qe2 {[%clk 1:21:47]} Nxe4 {[%clk 1:20:27]} 9. Qxe4 {[%clk 1:22:13]} Nf6 {[%clk
1:20:36]} 10. Qe3 {[%clk 1:16:16]} Bxf3 {[%clk 1:18:45]} 11. gxf3 {[%clk
1:16:33]} e6 {[%clk 1:17:18]} 12. Rg1 {[%clk 1:13:42]} Qd6 {[%clk 1:13:58]} 13.
c3 {[%clk 1:12:36]} g6 {[%clk 1:12:16]} 14. Qg5 {[%clk 1:12:41]} Bg7 {[%clk
1:12:34]} 15. Bf4 {[%clk 1:12:59]} Qd8 {[%clk 1:11:35]} 16. Qc5 {[%clk 1:08:45]}
Nd5 {[%clk 1:07:29]} 17. Bg5 {[%clk 1:08:06]} f6 {[%clk 1:02:26]} 18. Ba6 {[%clk
1:03:25]} bxa6 {[%clk 1:01:09]} 19. Qxc6+ {[%clk 1:03:51]} Kf7 {[%clk 1:01:30]}
20. Bd2 {[%clk 1:02:16]} Qb6 {[%clk 0:59:33]} 21. Qd7+ {[%clk 1:01:37]} Ne7
{[%clk 0:59:36]} 22. O-O-O {[%clk 1:01:32]} Rab8 {[%clk 0:58:36]} 23. b3 {[%clk
1:01:42]} Rhd8 {[%clk 0:58:42]} 24. Qa4 {[%clk 1:01:58]} Qc6 {[%clk 0:57:37]} 25.
Qa3 {[%clk 1:00:43]} Rxd4 {[%clk 0:57:08]} 0-1

[Event "9th Vellmar Chess Days"]
[Site "chess24.com"]
[Date "2017.07.15"]
[Round "5"]
[White "Weber, Andreas"]
[Black "Niebergall, Gerhard"]
[Result "1/2-1/2"]
[Board "29"]
[WhiteElo "1795"]
[WhiteCountry "GER"]
[WhiteFideId "24652504"]
[WhiteEloChange "5"]
[BlackElo "2001"]
[BlackCountry "GER"]
[BlackFideId "4624203"]
[BlackEloChange "-5"]

1. e4 {[%clk 1:30:57]} d6 {[%clk 1:23:10]} 2. d3 {[%clk 1:28:38]} c5 {[%clk
1:21:54]} 3. Nf3 {[%clk 1:28:41]} Nc6 {[%clk 1:18:32]} 4. g3 {[%clk 1:28:00]} g6
{[%clk 1:16:49]} 5. Bg2 {[%clk 1:28:17]} Bg7 {[%clk 1:17:14]} 6. O-O {[%clk
1:28:25]} Nf6 {[%clk 1:15:33]} 7. c3 {[%clk 1:24:09]} O-O {[%clk 1:12:27]} 8. h3
{[%clk 1:20:39]} Qc7 {[%clk 1:06:16]} 9. Nbd2 {[%clk 1:19:10]} b6 {[%clk
1:03:41]} 10. Re1 {[%clk 1:17:59]} Ba6 {[%clk 0:59:07]} 11. Nf1 {[%clk 1:18:06]}
Rfd8 {[%clk 0:49:31]} 12. d4 {[%clk 0:56:43]} cxd4 {[%clk 0:49:01]} 13. Nxd4
{[%clk 0:57:01]} Bxf1 {[%clk 0:35:58]} 14. Kxf1 {[%clk 0:54:41]} Nxd4 {[%clk
0:36:18]} 15. cxd4 {[%clk 0:50:44]} Rac8 {[%clk 0:34:35]} 16. Be3 {[%clk
0:45:07]} Qc2 {[%clk 0:32:23]} 17. Qxc2 {[%clk 0:45:06]} Rxc2 {[%clk 0:32:48]}
18. Re2 {[%clk 0:45:21]} 1/2-1/2

[Event "9th Vellmar Chess Days"]
[Site "chess24.com"]
[Date "2017.07.15"]
[Round "5"]
[White "Wehr, Alexander"]
[Black "Hoffmann, Lennard"]
[Result "0-1"]
[Board "32"]
[WhiteElo "1785"]
[WhiteCountry "GER"]
[WhiteFideId "24628913"]
[WhiteEloChange "-5"]
[BlackElo "1990"]
[BlackCountry "GER"]
[BlackFideId "12943495"]
[BlackEloChange "5"]

1. c4 {[%clk 1:30:55]} f5 {[%clk 1:30:55]} 2. Nc3 {[%clk 1:31:15]} Nf6 {[%clk
1:31:18]} 3. g3 {[%clk 1:31:34]} g6 {[%clk 1:31:30]} 4. Bg2 {[%clk 1:31:58]} Bg7
{[%clk 1:31:43]} 5. e3 {[%clk 1:32:03]} O-O {[%clk 1:30:02]} 6. Nge2 {[%clk
1:32:27]} c6 {[%clk 1:30:01]} 7. O-O {[%clk 1:32:38]} Na6 {[%clk 1:28:37]} 8. d4
{[%clk 1:31:10]} d5 {[%clk 1:27:19]} 9. cxd5 {[%clk 1:30:46]} cxd5 {[%clk
1:26:59]} 10. Nf4 {[%clk 1:24:51]} Nc7 {[%clk 1:25:08]} 11. Qb3 {[%clk 1:22:59]}
e6 {[%clk 1:24:30]} 12. Bd2 {[%clk 1:22:24]} Nce8 {[%clk 1:22:19]} 13. Na4 {[%clk
1:21:07]} Nd6 {[%clk 1:19:33]} 14. Bb4 {[%clk 1:20:21]} Re8 {[%clk 1:17:01]} 15.
Bxd6 {[%clk 1:18:38]} Qxd6 {[%clk 1:17:22]} 16. Nd3 {[%clk 1:18:01]} Ne4 {[%clk
1:16:33]} 17. Rfd1 {[%clk 1:18:18]} b6 {[%clk 1:14:47]} 18. f3 {[%clk 1:05:51]}
Ng5 {[%clk 1:14:46]} 19. h4 {[%clk 1:04:36]} Nxf3+ {[%clk 1:09:09]} 20. Kf2
{[%clk 1:00:49]} Nh2 {[%clk 1:02:39]} 21. Nf4 {[%clk 0:59:30]} Ba6 {[%clk
1:01:10]} 0-1

[Event "9th Vellmar Chess Days"]
[Site "chess24.com"]
[Date "2017.07.15"]
[Round "5"]
[White "Pauls, Wilhelm"]
[Black "Koronowski, Heinz-Juergen"]
[Result "1-0"]
[Board "33"]
[WhiteElo "1988"]
[WhiteCountry "GER"]
[WhiteFideId "12990752"]
[WhiteEloChange "4"]
[BlackElo "1753"]
[BlackCountry "GER"]
[BlackFideId "12943762"]
[BlackEloChange "-4"]

1. e4 {[%clk 1:30:52]} e5 {[%clk 1:30:54]} 2. Nf3 {[%clk 1:31:02]} Nf6 {[%clk
1:31:18]} 3. Nc3 {[%clk 1:31:24]} Nc6 {[%clk 1:31:41]} 4. Bc4 {[%clk 1:26:21]}
Nxe4 {[%clk 1:28:17]} 5. Bxf7+ {[%clk 1:21:28]} Kxf7 {[%clk 1:28:17]} 6. Nxe4
{[%clk 1:21:49]} d5 {[%clk 1:29:09]} 7. Neg5+ {[%clk 1:22:14]} Kg8 {[%clk
1:29:31]} 8. d4 {[%clk 1:20:41]} h6 {[%clk 1:28:35]} 9. Nh3 {[%clk 1:21:01]} Bg4
{[%clk 1:27:14]} 10. dxe5 {[%clk 1:21:06]} Nxe5 {[%clk 1:27:13]} 11. Nf4 {[%clk
1:21:29]} c6 {[%clk 1:19:43]} 12. Be3 {[%clk 1:20:56]} Qf6 {[%clk 1:17:27]} 13.
Kf1 {[%clk 1:13:00]} Bd6 {[%clk 1:14:56]} 14. h3 {[%clk 1:10:29]} Nxf3 {[%clk
1:06:53]} 15. hxg4 {[%clk 1:10:05]} Bxf4 {[%clk 1:07:05]} 16. Bxf4 {[%clk
1:06:27]} Qxf4 {[%clk 1:07:09]} 17. Qxf3 {[%clk 1:05:09]} Qxf3 {[%clk 1:06:59]}
18. gxf3 {[%clk 1:05:29]} Kf7 {[%clk 1:07:16]} 19. Re1 {[%clk 1:04:27]} Rae8
{[%clk 1:07:38]} 20. Re3 {[%clk 1:02:29]} Rxe3 {[%clk 1:07:04]} 21. fxe3 {[%clk
1:02:51]} Re8 {[%clk 1:07:28]} 22. Ke2 {[%clk 1:01:17]} Kf6 {[%clk 1:04:20]} 23.
Kd3 {[%clk 1:01:30]} b6 {[%clk 1:03:45]} 24. Rh5 {[%clk 0:56:05]} Re7 {[%clk
0:59:29]} 25. b3 {[%clk 0:52:47]} Rd7 {[%clk 0:55:39]} 26. Rf5+ {[%clk 0:50:44]}
Ke6 {[%clk 0:55:15]} 27. f4 {[%clk 0:48:48]} Kd6 {[%clk 0:52:12]} 28. g5 {[%clk
0:47:22]} hxg5 {[%clk 0:51:46]} 29. Rxg5 {[%clk 0:47:42]} Kc7 {[%clk 0:50:22]}
30. Kd4 {[%clk 0:43:27]} Re7 {[%clk 0:45:27]} 31. c4 {[%clk 0:39:50]} dxc4 {[%clk
0:43:53]} 32. bxc4 {[%clk 0:40:13]} a6 {[%clk 0:43:35]} 33. e4 {[%clk 0:40:22]}
Rd7+ {[%clk 0:36:04]} 34. Ke3 {[%clk 0:40:37]} b5 {[%clk 0:34:31]} 35. c5 {[%clk
0:40:16]} b4 {[%clk 0:34:42]} 36. f5 {[%clk 0:39:46]} a5 {[%clk 0:34:44]} 37. Kf4
{[%clk 0:35:58]} a4 {[%clk 0:34:13]} 38. Rg2 {[%clk 0:35:57]} Kd8 {[%clk
0:34:38]} 39. Rb2 {[%clk 0:35:02]} Rb7 {[%clk 0:31:06]} 40. Ke5 {[%clk 0:33:45]}
Ke7 {[%clk 0:31:13]} 41. Rg2 {[%clk 0:31:20]} Kf7 {[%clk 0:31:28]} 42. Kd6 {[%clk
0:31:24]} b3 {[%clk 0:31:27]} 43. axb3 {[%clk 0:31:43]} Rxb3 {[%clk 0:30:56]} 44.
Ra2 {[%clk 0:29:27]} a3 {[%clk 0:20:38]} 45. e5 {[%clk 0:29:45]} Rd3+ {[%clk
0:19:54]} 46. Kxc6 {[%clk 0:30:07]} Rf3 {[%clk 0:20:05]} 47. Kd6 {[%clk 0:23:53]}
Rd3+ {[%clk 0:19:22]} 48. Kc7 {[%clk 0:24:01]} Rf3 {[%clk 0:19:30]} 49. c6 {[%clk
0:22:52]} Rxf5 {[%clk 0:19:51]} 50. Kd6 {[%clk 0:23:15]} Rf3 {[%clk 0:19:28]} 51.
e6+ {[%clk 0:23:07]} Ke8 {[%clk 0:19:27]} 52. Rc2 {[%clk 0:20:32]} Rd3+ {[%clk
0:18:59]} 53. Ke5 {[%clk 0:20:48]} Kd8 {[%clk 0:13:17]} 54. c7+ {[%clk 0:15:55]}
Kc8 {[%clk 0:13:37]} 55. e7 {[%clk 0:16:14]} Re3+ {[%clk 0:13:48]} 56. Kd6 {[%clk
0:16:05]} Rd3+ {[%clk 0:13:47]} 57. Ke6 {[%clk 0:16:28]} Re3+ {[%clk 0:14:12]}
58. Kf7 {[%clk 0:16:50]} Rf3+ {[%clk 0:14:01]} 59. Kxg7 {[%clk 0:16:59]} Re3
{[%clk 0:14:26]} 60. Kf7 {[%clk 0:15:25]} Rf3+ {[%clk 0:14:50]} 61. Ke8 {[%clk
0:14:27]} Rh3 {[%clk 0:13:04]} 62. Rf2 {[%clk 0:12:26]} Kxc7 {[%clk 0:11:47]} 63.
Rc2+ {[%clk 0:12:38]} Kd6 {[%clk 0:10:58]} 64. Kd8 {[%clk 0:12:32]} 1-0